| 000 | 01927 a2200193 4500 | ||
|---|---|---|---|
| 001 | 54375 | ||
| 005 | 20260407155816.0 | ||
| 008 | 260407a1967 arg spa d | ||
| 003 | AR-UNSa-BCEJYS | ||
| 040 |
_aAR-UNSa-BCEJYS _bspa _cAR-UNSa-BCEJYS |
||
| 080 |
_a351 _xFunciones propias de la administración pública |
||
| 245 | 1 | 0 | _aPrincipios de ciencia de la hacienda |
| 264 | 1 |
_aMadrid : _bEditorial del Derecho Financiero _c1967 |
|
| 300 |
_a566 p. _c26 cm. |
||
| 505 | _aPrimera parte: La actividad financiera - I. Conceptos previos - II. El orden coercitivo,objeto de la Economía financiera - III. La clase dirigente,sujeto del orden coercitivo - IV. El equilibrio de la actividad financiera: concepto y caracteres - V. El coste de la actividad financiera - VI. La utilidad de la actividad financiera - VII. La zona de equilibrio financiero - Segunda parte: Renta nacional y actividad financiera - I. Problemas metodológicos - II. Actividad financiera y renta nacional - III. La actividad financiera y el nivel de consumos y de ahorro - IV. Actividad financiera y efectos sobre la producción - V. La actividad financiera y la redistribución de las rentas - VI. La hacienda extraordinaria: ejemplo de desequilibrio entre actividad financiera y renta nacional - Tercera parte: Actividad financiera y precios de mercado - I. Conceptos y preliminares - II. Traslación del impuesto en régimen de competencia perfecta - III. Traslación del impuesto en régimen de monopolio - IV. Traslación del impuesto en régimenes intermedios - V. Traslación oblicua y regresiva - VI. Impuesto sobre las rentas de trabajo - VII. Impuesto sobre la renta diferencial - VIII. Impuesto sobre las rentas de capital - IX. Impuesto general sobre la renta - X. Impuesto sobre la producción y sobre los consumos - XI. Efectos del gasto público | ||
| 942 | _cBK | ||
| 590 | _aniveau_biblio:m niveau_hierar:0 | ||
| 100 | 1 | _aCosciani, Cesare | |
| 999 |
_c5535 _d5535 |
||